000 00319nam a2200157Ia 4500
100 _aAppleby/ D.
250 _a3
942 _cBK
654 _aLanguages
245 _aProgramming Languages
260 _bMc Graw Hill
_aNew York
_c1991
082 _a5.13
_bPAN
300 _a479
546 _aENGLISH
999 _c17950
_d17950